Subvencions a ens locals per a activitats 1997
Descripción Física:
1 carpeta ; 31 cm
Materias:
Barcelona. Diputació -- Subvencions
MARC
| LEADER | 00000nam a2200000Ia 4500 | ||
|---|---|---|---|
| 001 | 22415 | ||
| 008 | 160829s1997 xx 000 0 cat d | ||
| 080 | |a FOL-3-81 | ||
| 110 | 1 | |a Barcelona (Catalunya : Província). |b Diputació |9 52408 | |
| 245 | |a Subvencions a ens locals per a activitats 1997 | ||
| 260 | |a Barcelona : |b Diputació de Barcelona, |c 1997 | ||
| 300 | |a 1 carpeta ; |c 31 cm | ||
| 590 | |a Inclou: 1 fulletó amb les bases reguladores de les subvencions a ens locals per a activitats; 1 fulletó amb les normes reguladores de les subvencions a entitats i associacions mediambientals situades a l'àmbit de la província de Barcelona; fotocòpies del Programa d'acció convocatòria 1997 (Gabinet d'Integració Europea i Solidaritat); 24 fitxes | ||
| 650 | |a Barcelona. Diputació |x Subvencions |9 23017 | ||
| 901 | |a Arxiu | ||
| 942 | |n 1 | ||
| 952 | |0 0 |1 0 |4 0 |6 FOL381 |7 1 |9 51276 |a Arxiu |b Arxiu |d 2016-12-01 |l 0 |o FOL-3-81 |p 22415 |r 2016-12-01 00:00:00 |w 2016-12-01 |y ARXIU | ||
| 999 | |c 55120 |d 55120 | ||